[Event "Mecklenburg VP LL2 West 2223"]
[Site "Mecklenburg VP"]
[Date "2023.01.15"]
[Round "5.1"]
[White "Boehme, Andy"]
[Black "Brack, Peter"]
[Result "1/2-1/2"]
[WhiteElo "2069"]
[BlackElo "2030"]
[PlyCount "42"]
[EventDate "2022.10.23"]
[EventType "team-tourn"]
[EventRounds "9"]
[EventCountry "GER"]
[SourceTitle "EXT 2024"]
[Source "ChessBase"]
[SourceDate "2023.10.10"]
[SourceVersion "1"]
[SourceVersionDate "2023.10.10"]
[SourceQuality "1"]
[WhiteTeam "Grevesmuehlen Blau Weiss"]
[BlackTeam "Putlitz Pritzwalk"]
[WhiteTeamCountry "GER"]
[BlackTeamCountry "GER"]

1. Nf3 c5 2. b3 b6 3. g3 Bb7 4. Bg2 Nf6 5. Bb2 e6 6. 0-0 Be7 7. c4 0-0 8. e3 d5 9. Qe2 Nc6 10. d3 a6 11. Nc3 Qc7 12. Ne1 Rad8 13. f4 d4 14. Ne4 dxe3 15. Nxf6+ Bxf6 16. Bxf6 gxf6 17. Qg4+ Kh8 18. Qh4 Kg7 19. Qg4+ Kh8 20. Qh4 Kg7 21. Qg4+ Kh8 1/2-1/2

[Event "Mecklenburg VP LL2 West 2122"]
[Site "Mecklenburg VP"]
[Date "2022.03.20"]
[Round "7.1"]
[White "Krueger, Horst"]
[Black "Brack, Peter"]
[Result "1-0"]
[WhiteElo "2029"]
[BlackElo "2037"]
[PlyCount "69"]
[EventDate "2021.10.24"]
[EventType "team-tourn"]
[EventRounds "9"]
[EventCountry "GER"]
[SourceTitle "EXT 2024"]
[Source "ChessBase"]
[SourceDate "2023.10.10"]
[SourceVersion "1"]
[SourceVersionDate "2023.10.10"]
[SourceQuality "1"]
[WhiteTeam "Ludwigslust"]
[BlackTeam "Putlitz Pritzwalk"]
[WhiteTeamCountry "GER"]
[BlackTeamCountry "GER"]

1. d4 Nf6 2. c4 c6 3. Nc3 d5 4. Nf3 e6 5. Bg5 Nbd7 6. e3 Qa5 7. a3 dxc4 8. Bxf6 Nxf6 9. Bxc4 Be7 10. 0-0 0-0 11. Ne5 Nd5 12. Qc2 Bd6 13. Bd3 h6 14. Nc4 Qd8 15. Nxd6 Qxd6 16. Ne4 Qe7 17. b4 a6 18. Rfe1 Bd7 19. g3 Rfd8 20. Nc5 Be8 21. Nb3 Nf6 22. f4 Qc7 23. Rad1 Rac8 24. Qg2 g6 25. g4 h5 26. h3 hxg4 27. hxg4 Kg7 28. g5 Nd7 29. Qh2 Qd6 30. Kf2 Kf8 31. Qh8+ Ke7 32. Qg7 Qd5 33. Na5 Rb8 34. Nc4 b5 35. e4 1-0

[Event "Mecklenburg VP LL2 West 2122"]
[Site "Mecklenburg VP"]
[Date "2021.10.24"]
[Round "1.2"]
[White "Brack, Peter"]
[Black "Schumann, Rabea"]
[Result "1/2-1/2"]
[WhiteElo "2037"]
[BlackElo "1870"]
[PlyCount "69"]
[EventDate "2021.10.24"]
[EventType "team-tourn"]
[EventRounds "9"]
[EventCountry "GER"]
[SourceTitle "EXT 2024"]
[Source "ChessBase"]
[SourceDate "2023.10.10"]
[SourceVersion "1"]
[SourceVersionDate "2023.10.10"]
[SourceQuality "1"]
[WhiteTeam "Putlitz Pritzwalk"]
[BlackTeam "Guestrow/Teterow II"]
[WhiteTeamCountry "GER"]
[BlackTeamCountry "GER"]

1. d4 d5 2. c4 e6 3. Nf3 Be7 4. Nc3 Nf6 5. e3 0-0 6. Bd3 dxc4 7. Bxc4 c5 8. 0-0 Nc6 9. a3 cxd4 10. exd4 b6 11. Bg5 Bb7 12. Rc1 Rc8 13. Qd3 h6 14. Be3 Qd6 15. Ba6 Bxa6 16. Qxa6 Ng4 17. Qe2 Nxe3 18. fxe3 f5 19. Rfd1 Bf6 20. Kh1 Ne7 21. e4 fxe4 22. Nxe4 Qf4 23. Nxf6+ Qxf6 24. Qa6 Rxc1 25. Rxc1 Nf5 26. Qc4 Ne7 27. Qe2 Nd5 28. Rf1 Qg6 29. g3 Rf6 30. Re1 Qg4 31. Rf1 Qg6 32. Re1 Qg4 33. Rf1 Qg6 34. Re1 Qg4 35. Rf1 1/2-1/2

[Event "Mecklenburg VP Landesliga West 1920"]
[Site "Mecklenburg VP"]
[Date "2020.01.19"]
[Round "5.1"]
[White "Brack, Peter"]
[Black "Schamber, Dennis"]
[Result "1-0"]
[WhiteElo "2030"]
[BlackElo "1714"]
[PlyCount "73"]
[EventDate "2019.09.29"]
[EventType "team-tourn"]
[EventRounds "9"]
[EventCountry "GER"]
[SourceTitle "EXT 2023"]
[Source "ChessBase"]
[SourceDate "2022.10.05"]
[SourceVersion "1"]
[SourceVersionDate "2022.10.05"]
[SourceQuality "1"]
[WhiteTeam "Putlitz Pritzwalk"]
[BlackTeam "Rostock Makkabi"]
[WhiteTeamCountry "GER"]
[BlackTeamCountry "GER"]

1. d4 Nf6 2. Nf3 g6 3. c4 Bg7 4. Nc3 0-0 5. g3 d6 6. Bg2 Nbd7 7. 0-0 a5 8. h3 c5 9. d5 Ne8 10. Qd3 Nc7 11. Re1 a4 12. Bf4 a3 13. b3 Rb8 14. Rac1 Na6 15. e4 Nb4 16. Qd2 Re8 17. Bf1 Ra8 18. e5 dxe5 19. Nxe5 g5 20. Nxd7 gxf4 21. Ne5 fxg3 22. fxg3 Ra6 23. Nb5 Bh6 24. Qf2 Bxc1 25. Rxc1 Rf6 26. Qxc5 Qa5 27. Qe3 Bf5 28. g4 Bc8 29. Qd2 Rd8 30. Bd3 b6 31. Qg5+ Kh8 32. Bb1 Rg8 33. Qh4 Rg7 34. d6 Rxd6 35. Qxe7 Re6 36. Qf8+ Rg8 37. Nxf7# 1-0

[Event "Mecklenburg VP Landesliga West 1920"]
[Site "Mecklenburg VP"]
[Date "2019.10.20"]
[Round "2.1"]
[White "Busch, Martin"]
[Black "Brack, Peter"]
[Result "1-0"]
[WhiteElo "2117"]
[BlackElo "2030"]
[PlyCount "147"]
[EventDate "2019.09.29"]
[EventType "team-tourn"]
[EventRounds "9"]
[EventCountry "GER"]
[SourceTitle "EXT 2023"]
[Source "ChessBase"]
[SourceDate "2022.10.05"]
[SourceVersion "1"]
[SourceVersionDate "2022.10.05"]
[SourceQuality "1"]
[WhiteTeam "Think Rochade"]
[BlackTeam "Putlitz Pritzwalk"]
[WhiteTeamCountry "GER"]
[BlackTeamCountry "GER"]

1. d4 d5 2. c4 c6 3. Nc3 Nf6 4. Nf3 g6 5. cxd5 Nxd5 6. e4 Nb6 7. Be3 Bg7 8. Qd2 h6 9. h3 Be6 10. b3 a5 11. Rd1 a4 12. d5 Bc8 13. dxc6 Qxd2+ 14. Kxd2 axb3 15. axb3 Nxc6 16. Bxb6 0-0 17. Bc4 Na5 18. Kc2 Nxc4 19. bxc4 Be6 20. Bd4 Bxc4 21. Bxg7 Kxg7 22. Rd7 b5 23. Rb1 Rfc8 24. Kd2 Kf8 25. Nxb5 Ra2+ 26. Ke3 Re2+ 27. Kf4 Rxf2 28. Rd2 Rf1 29. Rxf1 Bxf1 30. Nbd4 Kg7 31. e5 Rc1 32. h4 e6 33. Rb2 Rc7 34. g3 Rd7 35. Ke3 Bc4 36. Rb8 Bd5 37. Nd2 Ra7 38. Nb5 Ra1 39. Nd6 f5 40. Ne8+ Kf7 41. Nd6+ Kg7 42. Ne8+ Kf7 43. Nf6 Re1+ 44. Kd4 Re2 45. Nc4 Bxc4 46. Rb7+ Kf8 47. Kxc4 g5 48. h5 f4 49. gxf4 gxf4 50. Rb3 Kf7 51. Kd4 Re1 52. Rf3 Kg7 53. Rxf4 Rd1+ 54. Kc5 Kf7 55. Rd4 Rc1+ 56. Kd6 Ra1 57. Ng4 Ra6+ 58. Kc7 Ra7+ 59. Kb6 Ra1 60. Nxh6+ Ke7 61. Ng4 Rh1 62. Nf6 Rb1+ 63. Kc5 Re1 64. Re4 Rd1 65. h6 Rc1+ 66. Rc4 Re1 67. h7 Rh1 68. Rd4 Rc1+ 69. Kb4 Rb1+ 70. Kc3 Rc1+ 71. Kb2 Rh1 72. Rd7+ Kf8 73. Rd8+ Kg7 74. Rg8+ 1-0

[Event "Mecklenburg VP LL2 West 1819"]
[Site "Mecklenburg VP"]
[Date "2019.03.10"]
[Round "7.1"]
[White "Brack, Peter"]
[Black "Fleischer, Martin"]
[Result "1-0"]
[WhiteElo "2030"]
[BlackElo "1881"]
[PlyCount "75"]
[EventDate "2018.10.21"]
[EventType "team-tourn"]
[EventRounds "9"]
[EventCountry "GER"]
[SourceTitle "EXT 2022"]
[Source "ChessBase"]
[SourceDate "2021.10.06"]
[SourceVersion "1"]
[SourceVersionDate "2021.10.06"]
[SourceQuality "1"]
[WhiteTeam "Putlitz Pritzwalk"]
[BlackTeam "Schwerin SV Einheit"]
[WhiteTeamCountry "GER"]
[BlackTeamCountry "GER"]

1. d4 e6 2. c4 d5 3. Nf3 Nf6 4. Nc3 dxc4 5. e3 a6 6. Bxc4 b5 7. Bb3 Bb7 8. 0-0 Nbd7 9. Qe2 c6 10. e4 Be7 11. Rd1 Qc7 12. Bg5 h6 13. Bh4 Ng8 14. Bg3 Bd6 15. Bxd6 Qxd6 16. e5 Qc7 17. Ne4 Ne7 18. Nd6+ Kf8 19. Rac1 Nb6 20. Nd2 Kg8 21. N2e4 Ned5 22. Qf3 Rf8 23. Qg3 g6 24. h4 Kg7 25. h5 Qe7 26. Rc5 Ba8 27. Rd3 Nd7 28. Rc1 g5 29. Rf3 Rhg8 30. Re1 Kh8 31. Bxd5 cxd5 32. Nf6 Rg7 33. Rc1 Nb6 34. b3 b4 35. Ng4 Kh7 36. Rf6 Nd7 37. Rc7 Qd8 38. Rxd7 1-0

[Event "Mecklenburg VP LL2 West 1718"]
[Site "Mecklenburg VP"]
[Date "2018.04.08"]
[Round "8.1"]
[White "Stork, Michael"]
[Black "Brack, Peter"]
[Result "1/2-1/2"]
[WhiteElo "1975"]
[BlackElo "2030"]
[PlyCount "62"]
[EventDate "2017.10.08"]
[EventType "team-tourn"]
[EventRounds "9"]
[EventCountry "GER"]
[SourceTitle "EXT 2022"]
[Source "ChessBase"]
[SourceDate "2021.10.06"]
[SourceVersion "1"]
[SourceVersionDate "2021.10.06"]
[SourceQuality "1"]
[WhiteTeam "Waren Malchow"]
[BlackTeam "Putlitz Pritzwalk"]
[WhiteTeamCountry "GER"]
[BlackTeamCountry "GER"]

1. Nf3 c5 2. c4 Nc6 3. Nc3 g6 4. e3 Bg7 5. d4 b6 6. d5 Ne5 7. d6 e6 8. Nb5 Kf8 9. Nxe5 Bxe5 10. f4 Bg7 11. Be2 Bb7 12. 0-0 f5 13. Qc2 Nf6 14. b3 Be4 15. Bd3 Bxd3 16. Qxd3 Ne4 17. Rb1 a6 18. Nc7 Ra7 19. b4 Kf7 20. bxc5 bxc5 21. Rb6 Qc8 22. Ba3 Rb7 23. Rfb1 Rxb6 24. Rxb6 Bf6 25. Rxa6 Qb7 26. Ra5 Rb8 27. Rb5 Qa7 28. Rxb8 Qxb8 29. Nb5 Qa8 30. Qb3 Qa5 31. Qd1 h5 1/2-1/2

[Event "Mecklenburg VP VL 1516"]
[Site "Mecklenburg VP"]
[Date "2016.04.10"]
[Round "8.5"]
[White "Brack, Peter"]
[Black "Wagner, Ralph"]
[Result "1/2-1/2"]
[WhiteElo "1941"]
[BlackElo "1989"]
[PlyCount "126"]
[EventDate "2015.09.20"]
[EventType "team-tourn"]
[EventRounds "9"]
[EventCountry "GER"]
[SourceTitle "EXT 2022"]
[Source "ChessBase"]
[SourceDate "2021.10.06"]
[SourceVersion "1"]
[SourceVersionDate "2021.10.06"]
[SourceQuality "1"]
[WhiteTeam "Rostock SSC 07 II"]
[BlackTeam "Schwerin SF III"]
[WhiteTeamCountry "GER"]
[BlackTeamCountry "GER"]

1. Nf3 d5 2. c4 c6 3. e3 Nf6 4. d4 a6 5. Nbd2 Bf5 6. cxd5 cxd5 7. Ne5 Qc7 8. Qa4+ Nfd7 9. Bd3 Bxd3 10. Nxd3 e6 11. 0-0 Bd6 12. Nf3 0-0 13. Bd2 Nb6 14. Qb3 Nc6 15. Rfc1 Nc4 16. Bb4 Nxb4 17. Nxb4 Qe7 18. Nd3 Rfc8 19. Qd1 f6 20. b3 Na3 21. Rxc8+ Rxc8 22. Rc1 Rc7 23. h3 Nb5 24. Rxc7 Qxc7 25. Qc1 Qxc1+ 26. Nxc1 Ba3 27. Ne2 Kf7 28. Nd2 Bb4 29. Nb1 e5 30. Kf1 Ke6 31. a4 Nd6 32. dxe5 fxe5 33. Nc1 Ne4 34. Ke2 Be7 35. Nd3 Nc5 36. Nd2 Nxd3 37. Kxd3 Bb4 38. Nf1 g6 39. f3 Be1 40. Ke2 Ba5 41. Kd3 b5 42. axb5 axb5 43. Ng3 Kd6 44. Ne2 Kc5 45. Nc1 Bb6 46. Na2 Ba5 47. g4 Bc7 48. Nc3 Ba5 49. Ne2 Bc7 50. Kc3 Ba5+ 51. Kc2 Bb6 52. Nc1 Kd6 53. Kd2 Ba5+ 54. Ke2 Bc7 55. Nd3 g5 56. Kd2 e4 57. fxe4 dxe4 58. Nf2 Ba5+ 59. Kc2 Kd5 60. Nd1 Kc5 61. Kb2 Be1 62. Nc3 Bxc3+ 63. Kxc3 b4+ 1/2-1/2

[Event "Mecklenburg VP VL 1516"]
[Site "Mecklenburg VP"]
[Date "2015.09.20"]
[Round "1.3"]
[White "Brack, Peter"]
[Black "Stutz, Reno"]
[Result "0-1"]
[WhiteElo "1941"]
[BlackElo "1933"]
[PlyCount "82"]
[EventDate "2015.09.20"]
[EventType "team-tourn"]
[EventRounds "9"]
[EventCountry "GER"]
[SourceTitle "EXT 2022"]
[Source "ChessBase"]
[SourceDate "2021.10.06"]
[SourceVersion "1"]
[SourceVersionDate "2021.10.06"]
[SourceQuality "1"]
[WhiteTeam "Rostock SSC 07 II"]
[BlackTeam "Wismar ASV Gruen-Weiss"]
[WhiteTeamCountry "GER"]
[BlackTeamCountry "GER"]

1. d4 d5 2. c4 e5 3. dxe5 d4 4. Nf3 Nc6 5. g3 Nge7 6. Bg2 Ng6 7. Qa4 Bd7 8. Qc2 Bc5 9. a3 a5 10. Bg5 Qc8 11. Bf4 Bf5 12. Qa4 Nxf4 13. gxf4 Bxb1 14. Rxb1 Qg4 15. 0-0 h5 16. Qb5 Rh6 17. h3 Qxf4 18. Qxc5 Rg6 19. Kh1 a4 20. b4 0-0-0 21. Rbd1 Qe4 22. e3 d3 23. Rg1 f6 24. b5 Rxg2 25. Rxg2 Qxf3 26. Rd2 Qxh3+ 27. Kg1 Nxe5 28. Rg3 Nf3+ 29. Rxf3 Qxf3 30. b6 Qg4+ 31. Kh2 Qh4+ 32. Kg2 Qg5+ 33. Qxg5 fxg5 34. c5 cxb6 35. cxb6 Rd6 36. Kf3 Kd7 37. Ke4 Ke6 38. f4 gxf4 39. Kxf4 Kf6 40. e4 g5+ 41. Ke3 Ke5 0-1

[Event "Mecklenburg VP-ch MT"]
[Site "Greifswald"]
[Date "2015.04.30"]
[Round "1.8"]
[White "Schmekel, Florian"]
[Black "Brack, Peter"]
[Result "1/2-1/2"]
[WhiteElo "1878"]
[BlackElo "2044"]
[PlyCount "174"]
[EventDate "2015.04.30"]
[EventType "swiss"]
[EventRounds "7"]
[EventCountry "GER"]
[SourceTitle "EXT 2023"]
[Source "ChessBase"]
[SourceDate "2022.10.05"]
[SourceVersion "1"]
[SourceVersionDate "2022.10.05"]
[SourceQuality "1"]

1. d4 d5 2. c4 e6 3. Nc3 c6 4. cxd5 exd5 5. Nf3 Be7 6. Qc2 Nd7 7. Bf4 Ngf6 8. e3 0-0 9. Bd3 Re8 10. 0-0 Nf8 11. h3 Ng6 12. Bh2 Bd6 13. Bxd6 Qxd6 14. Rab1 a5 15. a3 Nd7 16. Rfc1 Ngf8 17. b4 axb4 18. axb4 b5 19. Bxb5 cxb5 20. Nxb5 Qb8 21. Nc7 Rd8 22. Nxa8 Qxa8 23. Ra1 Qb8 24. Qa4 Ne6 25. Rc2 g6 26. Rac1 Nb6 27. Qa5 Nc4 28. Rxc4 dxc4 29. d5 Bb7 30. dxe6 fxe6 31. Qe5 Bd5 32. e4 Qxe5 33. Nxe5 Bxe4 34. Rxc4 Rd1+ 35. Kh2 Bd5 36. Rc5 Rd4 37. b5 Rb4 38. Nd7 Kf7 39. Ne5+ Kf6 40. Ng4+ Ke7 41. Rc7+ Kd6 42. Rxh7 Rxb5 43. Rf7 Be4 44. Ne3 e5 45. Kg3 Ke6 46. Ra7 Rc5 47. Ra6+ Kf7 48. Ng4 Rb5 49. Ra7+ Ke6 50. Rg7 Rc5 51. f3 Bd3 52. Nf2 Bc2 53. Ng4 Bd3 54. Rg8 Kf7 55. Nh6+ Ke7 56. Rg7+ Kf6 57. Rf7+ Ke6 58. Rf8 Ke7 59. Rg8 Rb5 60. Kh4 e4 61. fxe4 Rh5+ 62. Kg4 Rxh6 63. Kg5 Rh7 64. Kxg6 Bxe4+ 65. Kg5 Kf7 66. Rc8 Ke6 67. Re8+ Kd5 68. Rd8+ Ke5 69. Re8+ Kd4 70. Kf4 Rf7+ 71. Kg3 Rg7+ 72. Kf4 Bxg2 73. Rd8+ Bd5 74. h4 Rf7+ 75. Kg5 Ke5 76. h5 Rg7+ 77. Kh6 Re7 78. Rxd5+ Kxd5 79. Kg6 Re1 80. h6 Ke6 81. Kg7 Rg1+ 82. Kf8 Rf1+ 83. Kg8 Rg1+ 84. Kf8 Ra1 85. h7 Ra8+ 86. Kg7 Ra7+ 87. Kg6 Ra8 1/2-1/2

[Event "Bundesliga 1415"]
[Site "Germany"]
[Date "2015.02.21"]
[Round "10.6"]
[White "Brack, Peter"]
[Black "Georgiadis, Nico"]
[Result "0-1"]
[WhiteElo "2066"]
[BlackElo "2459"]
[PlyCount "120"]
[EventDate "2014.10.18"]
[EventType "team-tourn"]
[EventRounds "15"]
[EventCountry "GER"]
[SourceTitle "CBM 165"]
[Source "ChessBase"]
[SourceDate "2015.03.11"]
[SourceVersion "1"]
[SourceVersionDate "2015.03.11"]
[SourceQuality "1"]
[WhiteTeam "Rostock"]
[BlackTeam "Solingen"]
[WhiteTeamCountry "GER"]
[BlackTeamCountry "GER"]

1. Nf3 f5 2. b3 d6 3. e3 Nf6 4. Be2 g6 5. Bb2 Bg7 6. 0-0 e5 7. d4 e4 8. Nfd2 0-0 9. c4 c5 10. b4 cxd4 11. Bxd4 Nc6 12. Bc3 Qe7 13. Qb3 Be6 14. Qb2 Nd7 15. Bxg7 Qxg7 16. Qxg7+ Kxg7 17. a3 Nce5 18. Ra2 Rfc8 19. Rc2 Rc7 20. Rfc1 Rac8 21. Rc3 Nb6 22. f3 exf3 23. gxf3 Nexc4 24. Nxc4 Bxc4 25. Nd2 d5 26. Bd1 Rc6 27. f4 a6 28. Nf3 Bb5 29. Rxc6 Rxc6 30. Rxc6 Bxc6 31. Nd4 Bd7 32. Kf2 Nc4 33. a4 Nb2 34. Be2 Nxa4 35. Bf3 Nc3 36. Ke1 b6 37. Kd2 Ne4+ 38. Kc2 Kf6 39. h4 Ke7 40. Be2 a5 41. bxa5 bxa5 42. h5 gxh5 43. Bxh5 a4 44. Kb2 Kd6 45. Be2 Ng3 46. Bf3 Kc5 47. Kc3 Ne4+ 48. Kb2 Nd2 49. Kc3 Nxf3 50. Nxf3 h5 51. Nh4 d4+ 52. exd4+ Kd5 53. Kd3 a3 54. Kc3 a2 55. Kb2 Kxd4 56. Kxa2 Ke4 57. Ng6 Be8 58. Nh4 Kxf4 59. Kb2 Bd7 60. Kc2 Kg3 0-1

[Event "Mecklenburg VP VL 1415"]
[Site "Mecklenburg VP"]
[Date "2015.01.18"]
[Round "5.4"]
[White "Kohn, Thomas2222"]
[Black "Brack, Peter"]
[Result "1/2-1/2"]
[WhiteElo "1886"]
[BlackElo "1982"]
[PlyCount "46"]
[EventDate "2014.09.21"]
[EventType "team-tourn"]
[EventRounds "9"]
[EventCountry "GER"]
[SourceTitle "EXT 2022"]
[Source "ChessBase"]
[SourceDate "2021.10.06"]
[SourceVersion "1"]
[SourceVersionDate "2021.10.06"]
[SourceQuality "1"]
[WhiteTeam "Stralsund FHSG"]
[BlackTeam "Rostock SSC 07 II"]
[WhiteTeamCountry "GER"]
[BlackTeamCountry "GER"]

1. Nf3 d5 2. c4 e6 3. d4 c6 4. e3 Nf6 5. Nc3 Be7 6. Bd3 0-0 7. 0-0 dxc4 8. Bxc4 b5 9. Bd3 Bb7 10. Qe2 b4 11. Na4 Nbd7 12. Rd1 Qa5 13. b3 Rfd8 14. Bd2 e5 15. e4 Re8 16. a3 exd4 17. e5 Bd6 18. axb4 Qd8 19. Bf4 h6 20. Nc5 Bxc5 21. bxc5 Nxc5 22. Qc2 Nxd3 23. Rxd3 Nd5 1/2-1/2

[Event "Mecklenburg VP VL 1314"]
[Site "Mecklenburg VP"]
[Date "2014.04.27"]
[Round "9.5"]
[White "Dettmann, Holger"]
[Black "Brack, Peter"]
[Result "0-1"]
[WhiteElo "1896"]
[BlackElo "1975"]
[PlyCount "117"]
[EventDate "2013.10.20"]
[EventType "team-tourn"]
[EventRounds "9"]
[EventCountry "GER"]
[SourceTitle "EXT 2022"]
[Source "ChessBase"]
[SourceDate "2021.10.06"]
[SourceVersion "1"]
[SourceVersionDate "2021.10.06"]
[SourceQuality "1"]
[WhiteTeam "Guestrow/Teterow"]
[BlackTeam "Rostock SSC 07 II"]
[WhiteTeamCountry "GER"]
[BlackTeamCountry "GER"]

1. d4 Nf6 2. Nc3 d5 3. Bf4 Bf5 4. Qd2 e6 5. f3 Nc6 6. g4 Bg6 7. e3 Nb4 8. Bd3 Bxd3 9. cxd3 Be7 10. Nge2 h5 11. g5 Nh7 12. h4 a6 13. 0-0-0 Qd7 14. Kb1 g6 15. Rc1 0-0 16. a3 Nc6 17. Na4 Rfc8 18. Qc2 Qe8 19. Ka2 Nf8 20. e4 Bd6 21. Be3 Rab8 22. f4 Na7 23. Nc5 a5 24. Bd2 b6 25. Nb3 a4 26. Na1 b5 27. Bb4 Bxb4 28. axb4 Nd7 29. exd5 exd5 30. f5 Qe3 31. Rhf1 Rb6 32. Nc3 Qxd4 33. fxg6 fxg6 34. Qg2 Rd6 35. Nc2 Qxd3 36. Rf4 d4 37. Ne4 Qb3+ 38. Kb1 d3 39. Na1 Qd5 40. Qd2 Rc6 41. Nc3 Qd6 42. Rd1 Rc4 43. Nxb5 Qxf4 44. Nxa7 Qxd2 45. Rxd2 Re8 46. Rxd3 Re1+ 47. Ka2 Ne5 48. Rd2 Rxh4 49. Nc2 Ree4 50. Nb5 Rc4 51. Nc3 Nc6 52. Nd5 Nxb4+ 53. Ncxb4 Rxb4 54. Nxc7 Rbd4 55. Re2 Rhe4 56. Rf2 Rd7 57. Na6 Rd5 58. Rc2 Rxg5 59. Nc5 0-1

[Event "Mecklenburg VP VL 1314"]
[Site "Mecklenburg VP"]
[Date "2014.01.20"]
[Round "5.4"]
[White "Kupfernagel, Michael"]
[Black "Brack, Peter"]
[Result "1/2-1/2"]
[WhiteElo "1917"]
[BlackElo "1975"]
[PlyCount "224"]
[EventDate "2013.10.20"]
[EventType "team-tourn"]
[EventRounds "9"]
[EventCountry "GER"]
[SourceTitle "EXT 2022"]
[Source "ChessBase"]
[SourceDate "2021.10.06"]
[SourceVersion "1"]
[SourceVersionDate "2021.10.06"]
[SourceQuality "1"]
[WhiteTeam "Schwerin SF III"]
[BlackTeam "Rostock SSC 07 II"]
[WhiteTeamCountry "GER"]
[BlackTeamCountry "GER"]

1. d4 d5 2. Nf3 Nf6 3. c4 e6 4. Nc3 Nbd7 5. e3 c6 6. Bd3 Be7 7. 0-0 0-0 8. Qc2 dxc4 9. Bxc4 b5 10. Bd3 Bb7 11. Bd2 a6 12. Rac1 c5 13. a3 Rc8 14. Qb1 Bxf3 15. gxf3 cxd4 16. exd4 Nb6 17. Be3 g6 18. Rfd1 Nbd5 19. Ne4 Qb6 20. Rxc8 Rxc8 21. Rc1 Rc6 22. Rxc6 Qxc6 23. Qc1 Qxc1+ 24. Bxc1 Nd7 25. Kf1 f5 26. Ng5 Nf8 27. f4 Bd6 28. Nh3 h6 29. Ke2 Nd7 30. a4 Nb4 31. axb5 Nxd3 32. Kxd3 axb5 33. Ng1 Nf6 34. Nf3 Nd5 35. Ne5 Kg7 36. h4 Be7 37. Nf3 Bd8 38. Bd2 Kf6 39. Ne5 Kg7 40. Nf3 Be7 41. Kc2 Bb4 42. Be3 Ba5 43. Ne5 Kf6 44. Nd7+ Kg7 45. Ne5 Be1 46. Nf3 Bb4 47. Kd3 Be7 48. Kc2 Bf6 49. Bd2 Kf7 50. Kd3 Ke7 51. Ne5 Bxe5 52. dxe5 Kd7 53. Kd4 Kc6 54. b4 Nb6 55. Bc3 Nd5 56. Bd2 Ne7 57. Bc3 Ng8 58. Bd2 h5 59. Be3 Nh6 60. f3 Ng8 61. Bf2 Ne7 62. Be3 Nd5 63. Bd2 Kb6 64. Kd3 Kb7 65. Kd4 Kc6 66. Kd3 Nb6 67. Kd4 Nc4 68. Bc3 Na3 69. Bd2 Nc2+ 70. Kd3 Na3 71. Kd4 Nc4 72. Be1 Nb2 73. Bc3 Nd1 74. Bd2 Nf2 75. Be1 Nh3 76. Bd2 Nf2 77. Ke3 Nd1+ 78. Kd4 Nb2 79. Bc3 Nc4 80. Be1 Kb6 81. Bc3 Na3 82. Bd2 Kc6 83. Bc3 Nc2+ 84. Kd3 Na3 85. Kd4 Nc4 86. Be1 Nb6 87. Bc3 Nc8 88. Bd2 Ne7 89. Be1 Kb6 90. Bc3 Nc6+ 91. Kd3 Kc7 92. Bd2 Kd7 93. Be1 Kc8 94. Bc3 Kc7 95. Be1 Kb6 96. Bf2+ Kb7 97. Be1 Ne7 98. Kd4 Kb6 99. Bc3 Kc6 100. Be1 Nd5 101. Bd2 Kb6 102. Kd3 Kc7 103. Kd4 Kc6 104. Kd3 Nb6 105. Kd4 Nc4 106. Bc3 Na3 107. Bd2 Nc2+ 108. Kc3 Na3 109. Kd4 Nc4 110. Bc3 Nb6 111. Be1 Nc8 112. Bc3 Ne7 1/2-1/2

[Event "Mecklenburg VP VL 1314"]
[Site "Mecklenburg VP"]
[Date "2013.12.15"]
[Round "4.4"]
[White "Brack, Peter"]
[Black "Kohn, Thomas2222"]
[Result "1-0"]
[WhiteElo "1975"]
[BlackElo "1875"]
[PlyCount "92"]
[EventDate "2013.10.20"]
[EventType "team-tourn"]
[EventRounds "9"]
[EventCountry "GER"]
[SourceTitle "EXT 2022"]
[Source "ChessBase"]
[SourceDate "2021.10.06"]
[SourceVersion "1"]
[SourceVersionDate "2021.10.06"]
[SourceQuality "1"]
[WhiteTeam "Rostock SSC 07 II"]
[BlackTeam "Stralsund FHSG"]
[WhiteTeamCountry "GER"]
[BlackTeamCountry "GER"]

1. d4 Nf6 2. Nf3 g6 3. Bf4 Bg7 4. Nbd2 d5 5. e3 0-0 6. Bd3 Nc6 7. c3 Nh5 8. Bg5 Qe8 9. Qb3 e6 10. 0-0 f6 11. Bh4 Bh6 12. c4 Ne7 13. Rfe1 c6 14. Qc2 Bd7 15. a4 a5 16. Nb3 dxc4 17. Bxc4 Nd5 18. Nc5 b6 19. Nxd7 Qxd7 20. Qb3 Rab8 21. Rad1 g5 22. Bg3 Nxg3 23. hxg3 Rfe8 24. e4 Nb4 25. Nh2 Bg7 26. Ng4 Kh8 27. Ne3 f5 28. d5 exd5 29. exd5 Nxd5 30. Bxd5 cxd5 31. Rxd5 Qe6 32. Red1 f4 33. Nf5 Be5 34. g4 Qf6 35. Nd6 Re6 36. Ne4 Qg6 37. f3 h5 38. Qb5 Rbe8 39. gxh5 Qxh5 40. Rd8 Qg6 41. Rxe8+ Rxe8 42. Rd5 Bg7 43. Rxg5 Qe6 44. Rh5+ Kg8 45. Rd5 Rc8 46. Rd1 Qc6 1-0

[Event "Mecklenburg VP VL 1314"]
[Site "Mecklenburg VP"]
[Date "2013.11.24"]
[Round "3.4"]
[White "Kutschke, Peter"]
[Black "Brack, Peter"]
[Result "1/2-1/2"]
[WhiteElo "1932"]
[BlackElo "1975"]
[PlyCount "45"]
[EventDate "2013.10.20"]
[EventType "team-tourn"]
[EventRounds "9"]
[EventCountry "GER"]
[SourceTitle "EXT 2022"]
[Source "ChessBase"]
[SourceDate "2021.10.06"]
[SourceVersion "1"]
[SourceVersionDate "2021.10.06"]
[SourceQuality "1"]
[WhiteTeam "Rostock HSG Uni"]
[BlackTeam "Rostock SSC 07 II"]
[WhiteTeamCountry "GER"]
[BlackTeamCountry "GER"]

1. c4 e6 2. Nf3 d5 3. g3 g6 4. Bg2 Bg7 5. 0-0 Ne7 6. d3 0-0 7. Qc2 Nbc6 8. a3 a5 9. Nc3 h6 10. b3 Re8 11. Bb2 Nf5 12. Nb5 d4 13. Rfe1 e5 14. Rad1 Nb8 15. a4 Na6 16. Bc1 c6 17. Na3 Qb6 18. Nd2 Nc5 19. Ne4 Be6 20. Nxc5 Qxc5 21. Nb1 Rad8 22. Ba3 Qa7 23. Nd2 1/2-1/2

[Event "Oberliga Nord N 1213"]
[Site "Germany"]
[Date "2013.04.14"]
[Round "9.2"]
[White "Brack, Peter"]
[Black "Junge, Ralf"]
[Result "0-1"]
[WhiteElo "2065"]
[BlackElo "2319"]
[PlyCount "68"]
[EventDate "2012.10.14"]
[EventType "team-tourn"]
[EventRounds "9"]
[EventCountry "GER"]
[SourceTitle "EXT 2015"]
[Source "ChessBase"]
[SourceDate "2014.11.20"]
[SourceVersion "1"]
[SourceVersionDate "2014.11.20"]
[SourceQuality "1"]
[WhiteTeam "Rostock"]
[BlackTeam "Kiel Turm"]
[WhiteTeamCountry "GER"]
[BlackTeamCountry "GER"]

1. c4 Nf6 2. Nc3 g6 3. g3 Bg7 4. Bg2 0-0 5. e3 c6 6. Nge2 d5 7. b3 e5 8. Ba3 Re8 9. Rc1 d4 10. Nb1 d3 11. Nec3 e4 12. h3 h5 13. 0-0 Bf5 14. f3 exf3 15. Qxf3 Qd7 16. Kh2 Na6 17. Rce1 Rad8 18. e4 Be6 19. Re3 Nh7 20. Rfe1 Be5 21. Bf1 Ng5 22. Qf2 h4 23. Kh1 hxg3 24. Rxg3 Nxh3 25. Bxh3 Bxh3 26. Rg5 Kg7 27. Nd1 f6 28. Rxe5 Rxe5 29. Bb2 Rh8 30. Bxe5 fxe5 31. Ne3 Bf1+ 32. Kg1 Qh3 33. Nf5+ gxf5 34. Qxf5 Qg2# 0-1